000 00279nam a2200109Ia 4500
001 588766
005 20250717120837.0
008 250717s9999 xx 000 0 und d
245 0 _aV-13 ZAFER GETİREN MAYINLAR
_cİSMAİL BİLGİN
260 _bERDEM YAYINLARI
_c2018
300 _b77
999 _c588766
_d588766